Коллективные формы организации и стимулирования труда на шахтах и разрезах: справочное пособие

Dades bibliogràfiques
Autor principal: Грибин Ю. Г. Юрий Григорьевич
Altres autors: Колодуб Г. К. Георгий Константинович, Воробьев М. М. Михаил Михайлович
Idioma:rus
Publicat: Москва, Недра, 1991
Matèries:
Format: MixedMaterials Llibre
KOHA link:https://koha.lib.tpu.ru/cgi-bin/koha/opac-detail.pl?biblionumber=142726

MARC

LEADER 00000nam0a2200000 4500
001 142726
005 20231031142837.0
010 |a 5247015622 
035 |a (RuTPU)RU\TPU\book\154675 
090 |a 142726 
100 |a 20080911d1991 km y0rusy50 ca 
101 0 |a rus 
102 |a RU 
105 |a a g 001zy 
200 1 |a Коллективные формы организации и стимулирования труда на шахтах и разрезах  |e справочное пособие  |f Ю. Г. Грибин, Г. К. Колодуб, М. М. Воробьев 
210 |a Москва  |c Недра  |d 1991 
215 |a 208 с.  |c ил. 
320 |a Библиогр.: с. 206-208. 
610 1 |a угледобыча 
610 1 |a организация труда 
610 1 |a стимулирование 
610 1 |a экономическое стимулирование 
610 1 |a шахты 
610 1 |a разрезы 
610 1 |a справочники 
675 |a 622.333.012.2:658.3(08)  |v 3 
700 1 |a Грибин  |b Ю. Г.  |g Юрий Григорьевич 
701 1 |a Колодуб  |b Г. К.  |g Георгий Константинович 
701 1 |a Воробьев  |b М. М.  |g Михаил Михайлович 
801 1 |a RU  |b 63413507  |c 20080911  |g PSBO 
801 2 |a RU  |b 63413507  |c 20081101  |g PSBO 
942 |c BK